Tanguito : la verdadera historia /
Guardado en:
| Autor Principal: | |
|---|---|
| Formato: | Libro |
| Publicado: |
Planeta :
,
1993
|
| Materias: | |
| Etiquetas: |
Agregar Etiqueta
Sin Etiquetas, Sea el primero en etiquetar este registro!
|
| LEADER | 00595nam a22002055a 4500 | ||
|---|---|---|---|
| 001 | CEM.cems007371 | ||
| 005 | 20060214000000.0 | ||
| 008 | 130507s1993##################000#0#####d | ||
| 003 | CEMS | ||
| 082 | 0 | 4 | |a 927 |
| 100 | 1 | |a Pintos, Víctor | |
| 245 | 1 | 0 | |a Tanguito : |b la verdadera historia / |
| 260 | |a Planeta : |b , |c 1993 | ||
| 300 | |a 301 p. | ||
| 505 | 0 | |a Narración de la vida y la leyenda de Juan Alberto Iglesias alias "Tanguito" | |
| 653 | |a Biografias | ||
| 653 | |a Música | ||
| 653 | |a Rock nacional | ||
| 653 | |a Tanguito-biografia | ||
| 859 | |a CEMS |b BIB. CEMS - 11 de abril |h 927 |i Ig4 |p 17229.93 |t Ej.1 | ||
